Quasars (Record no. 4494)
[ view plain ]
| 000 -LEADER | |
|---|---|
| fixed length control field | 00583nam a2200193Ia 4500 |
| 003 - CONTROL NUMBER IDENTIFIER | |
| control field | IN-BaIIA |
| 008 - FIXED-LENGTH DATA ELEMENTS--GENERAL INFORMATION | |
| fixed length control field | 211028s9999 xx 000 0 eng d |
| 040 ## - CATALOGING SOURCE | |
| Transcribing agency | IIA Library |
| 080 ## - UNIVERSAL DECIMAL CLASSIFICATION NUMBER | |
| Universal Decimal Classification number | 524.75 |
| Item number | KAH |
| 100 ## - MAIN ENTRY--PERSONAL NAME | |
| Personal name | Kahn, F. D |
| 9 (RLIN) | 7856 |
| 245 #0 - TITLE STATEMENT | |
| Title | Quasars |
| Remainder of title | their imporance in astronomy and physics |
| Statement of responsibility, etc. | F. D. Kahn and H. P. Palmer |
| 260 ## - PUBLICATION, DISTRIBUTION, ETC. | |
| Place of publication, distribution, etc. | Manchester |
| Name of publisher, distributor, etc. | Manchester University Press |
| Date of publication, distribution, etc. | 1967 |
| 300 ## - PHYSICAL DESCRIPTION | |
| Extent | 112p. |
| 650 ## - SUBJECT ADDED ENTRY--TOPICAL TERM | |
| Topical term or geographic name entry element | Astronomy |
| 9 (RLIN) | 7857 |
| 650 ## - SUBJECT ADDED ENTRY--TOPICAL TERM | |
| Topical term or geographic name entry element | Galactic nuclei |
| 9 (RLIN) | 7858 |
| 650 ## - SUBJECT ADDED ENTRY--TOPICAL TERM | |
| Topical term or geographic name entry element | Astronomy and astrophysics thesaurus |
| 9 (RLIN) | 1143 |
| 650 ## - SUBJECT ADDED ENTRY--TOPICAL TERM | |
| Topical term or geographic name entry element | Quasars |
| 9 (RLIN) | 7859 |
| 942 ## - ADDED ENTRY ELEMENTS (KOHA) | |
| Koha item type | Books |
| Withdrawn status | Lost status | Damaged status | Not for loan | Home library | Current library | Shelving location | Date acquired | Total Checkouts | Full call number | Barcode | Date last seen | Price effective from | Koha item type |
|---|---|---|---|---|---|---|---|---|---|---|---|---|---|
| IIA Library-Bangalore | IIA Library-Bangalore | General Stacks | 16/09/1974 | 524.75/ KAH | 5019 | 05/11/2021 | 16/09/1974 | Books |